000 01146cam a2200301 i 4500
001 46580
003 Mx-PuUPA
005 20220408104818.0
008 140415s1959 sp a gre 000 0 spa d
017 _aM.145-1958
040 _aMx-PuUPA
_bspa
_cMx-PuUPA
_dMx-PuUPA
_erda
041 0 _aspa
100 1 _aAguado Bleye, Pedro,
_912445
_d1884-1953
_eautor
245 1 0 _aManual de historia de España.
_nTomo II.
_pReyes católicos - Casa de Austria (1474-1700) /
_cpor Pedro Aguado Bleye ; revisada por Cayetano Alcázar Molina
246 1 0 _aReyes católicos - Casa de Austria (1474-1700)
250 _aOctava edición /
_brefundida
264 1 _aMadrid :
_bEspasa-Calpe,
_c1959
300 _a1200 páginas, 6 hojas sin numerar, 2 hojas plegadas :
_bilustraciones, mapas (algunas a color) ;
_c25 cm
336 _2rdacontent
_atexto
_btxt
336 _2rdacontent
_aimagen fija
_bsti
337 _2rdamedia
_asin medio
_bn
338 _2rdacarrier
_avolumen
_bnc
651 4 _aEspaña
_xHistoria
700 1 _aAlcázar Molina, Cayetano,
_erevisor
942 _2ddc
_h946
_cLI
_iA282
999 _c46580
_d46580